000 00340nam a22001457a 4500
008 221118b ||||| |||| 00| 0 eng d
020 _a0314929649
041 _aeng
080 _26TH EDITION
_a004
082 _a004MAN
100 _a18
101 _aSHKP
245 _aCOMPUTERS AND INFORMATION PROCESSING
_cMANDELL S
942 _2udc
_cBK
999 _c58942
_d58942